000 00307nam a22001337a 4500
008 181217b xxu||||| |||| 00| 0 eng d
020 _a9780521583909
041 _aeng
080 _a591
100 _a9
101 _aZOO
245 _aModern Compiler Implementation In C
_caPPEL.a.w
942 _2udc
_cBK
999 _c53175
_d53175